00786nam a22001097a 4500008004100000100002200041245003800063260001700101300003000118520051100148773001700659221208b ||||| |||| 00| 0 eng d aPurkyastha, B.S.  aTechnology empowering the masses  aKurukshetra  a71(1), Nov, 2022: p.22-26 aPolicies and programmes of the government not only outline the blueprint for economic development of the country but also ensure that the fruits of economic development reach the walker sections of the population. The key to success of any regulations and schemes run by the government is implantation continuous monitoring and audit. The repaid adoption of digital technology in the last few years has laid the framework for making delivery of government schemes easier and more efficient. – Reproduced  aKurukshetra